| 000 | 00816cam a22001934a 4500 | ||
|---|---|---|---|
| 005 | 20250605163959.0 | ||
| 008 | 250528s ||||||||||||||||||||||||d | ||
| 035 | _a15568 | ||
| 020 | _a139702512 | ||
| 040 |
_aGR-AtMCL _bgre _dGR-AtMCL _eAACR2 |
||
| 245 | 1 | _aWriting Efficient Programs | |
| 260 |
_bPrentice Hall, _c1982 |
||
| 300 | _a172 | ||
| 520 | _aThis indispensable book is aimed at the needs of the professional programmer. Preface, Introduction, An Example, The Context, Modifying Data Structures, Modifying Code, System-Dependent Efficiency, Applying the Techniques, Sorting and Searching, Epilogue, Details of the Pascal Programs, Assembly Programs for the Travelling Salesman Problem, References, Index. | ||
| 700 | 1 |
_aBentley Louis Jon _91519 |
|
| 942 | _cBK | ||
| 999 |
_c1138 _d1138 |
||